| 000 | 00547nam a22002057a 4500 | ||
|---|---|---|---|
| 003 | BCEG | ||
| 005 | 20260115140533.0 | ||
| 008 | 260115s1979 mx|||||| |||| 00| 0 spa d | ||
| 020 | _a9684150377 | ||
| 040 |
_aBCEG _bspa _cBCEG |
||
| 082 | 0 | 4 |
_aA863.4 _bO681h |
| 100 | 1 |
_aOrgambide, Pedro, _d1929-2003. |
|
| 245 | 1 | 0 | _aHistorias con tangos y corridos. |
| 260 |
_aMéxico : _bExtemporáneos, _c1979. |
||
| 300 | _a167 p. | ||
| 541 | _aDonación. | ||
| 586 | _aPremio Casa de las Américas, 1976. | ||
| 650 | _aCuentos argentinos. | ||
| 942 | _cBK | ||
| 999 |
_c437011 _d437011 |
||